The Story of American Business : From the Pages of the New York Times /

Recopilación de historias de empresarios, de empresas y de comercio en Estados Unidos tomados de los reportes del periódico New York Times a lo largo de 150 años. Se ofrece un panorama de la historia de los emprendedores norteamericanos en esta selección de artículos periodísticos que nos muestra lo...

詳細記述

保存先:
書誌詳細
第一著者: Koehn, Nancy F. (ed.)
フォーマット: 図書
言語:英語
出版事項: Boston, EUA : Harvard University, Business School, 2009, c2009
主題:
タグ: タグ追加
タグなし, このレコードへの初めてのタグを付けませんか!

MARC

LEADER 00000nam^a2200000^a^4500
001 000300432
005 20250521000000.0
009 20260310112510.054
020 |a 978-1-59139-683-3 
037 |a Acervo ITESO - Biblioteca 
041 |a ING 
082 |a 330. 973  |b KOE 
100 |a Koehn, Nancy F.  |e (ed.) 
245 1 4 |a The Story of American Business :  |b From the Pages of the New York Times /  |c Ed. de N.F. Koehn. 
264 4 |a Boston, EUA :  |b Harvard University, Business School,  |c 2009, c2009 
300 |a XVI, 432 p. 
336 |a texto  |b txt  |2 rdacontenido 
337 |a sin mediación  |b n  |2 rdamedio 
338 |a volumen  |b nc  |2 rdasoporte 
520 |a Recopilación de historias de empresarios, de empresas y de comercio en Estados Unidos tomados de los reportes del periódico New York Times a lo largo de 150 años. Se ofrece un panorama de la historia de los emprendedores norteamericanos en esta selección de artículos periodísticos que nos muestra los logros económicos de esta nación. 
649 |a XX 
650 |a Emprendedores (Empresarios) -  |z EUA 
650 |a Empresarios Norteamericanos 
650 |a Industria -  |z EUA -  |x Historia -  |x Tema Principal 
650 |a Comercio -  |z EUA -  |x Historia -  |x Tema Principal 
650 |a Empresas -  |z EUA -  |x Historia -  |x Tema Principal 
650 |a Economía -  |z EUA -  |x Historia 
910 |a Fondo General 
920 |a Impresos - Libros 
930 |a Colección General 
905 |a 101 
901 |a 0500186454  |b IT1  |c ACC  |i C123797  |u 20250521 
902 |a https://opac.biblio.iteso.mx/vufind/Record/000300432